ბათუმის შოთა რუსთაველის სახელმწიფო უნივერსიტეტის ბიბლიოთეკა

Справочник нефхимика .Том 2 (ბიბ.ჩანაწერი № 37133)

000 -LEADER
fixed length control field 00589nam a2200217Ia 4500
001 - CONTROL NUMBER
control field 3089
003 - CONTROL NUMBER IDENTIFIER
control field GE_BSU
008 - FIXED-LENGTH DATA ELEMENTS--GENERAL INFORMATION
fixed length control field 181216s||||||||xx |||||||||||||| ||und||
040 ## - CATALOGING SOURCE
Transcribing agency GE_BSU
080 ## - UNIVERSAL DECIMAL CLASSIFICATION NUMBER
Universal Decimal Classification number 665.63(035.5)
245 ## - TITLE STATEMENT
Title Справочник нефхимика .Том 2
245 ## - TITLE STATEMENT
Remainder of title В двух томах.Под.Куд.Огородникова,С.К
245 ## - TITLE STATEMENT
Statement of responsibility, etc. Ред.Г.В.Дроздов,Ю.К.Кузнецов,Ю.АЛевин
260 ## - PUBLICATION, DISTRIBUTION, ETC.
Place of publication, distribution, etc. Л
260 ## - PUBLICATION, DISTRIBUTION, ETC.
Name of publisher, distributor, etc. Химия
260 ## - PUBLICATION, DISTRIBUTION, ETC.
Date of publication, distribution, etc. 1978
300 ## - PHYSICAL DESCRIPTION
Extent 592стр
300 ## - PHYSICAL DESCRIPTION
Other physical details илл.
300 ## - PHYSICAL DESCRIPTION
Dimensions 22см
942 ## - ADDED ENTRY ELEMENTS (KOHA)
Koha item type წიგნი
ეგზემპლარები
Withdrawn status Lost status Damaged status Not for loan Date acquired Barcode Date last seen Price effective from Koha item type
        2018-12-17 9484 2018-12-17 2018-12-17 წიგნი